Sports Quiz

Random Sports or Soccer Quiz
Score 0/17 Timer 03:00
28 Plays Today
% Correct
Spain
97.2%
France
96.4%
England
96.1%
Germany
96%
Italy
95.2%
Portugal
93.9%
Turkey
91.6%
Switzerland
81.2%
Denmark
73.1%
% Correct
Wales
66.8%
Iceland
61.5%
Norway
60.3%
Bulgaria
59.7%
Czechia
56.4%
Bosnia and Herzegovina
54.1%
Belarus
53.2%
Romania
52.9%

You're not logged in!

Compare scores with friends on all Sporcle quizzes.
OR
Log In

Sporcle TV

Today on Sporcle TV


Watch our educational content, quiz creation guides, and fun videos on Sporcle TV.

Show Comments

Extras

Top Quizzes Today


Score Distribution

Paid Content

Your Account Isn't Verified!

In order to create a playlist on Sporcle, you need to verify the email address you used during registration. Go to your Sporcle Settings to finish the process.

Report this User

Report this user for behavior that violates our Community Guidelines.

Details: